000
00216nam a22000857a 4500
008
161116b xxu||||| |||| 00| 0 eng d
100
_9
1231
_a
CBSE
245
_a
English Literature Reader-IX
260
_a
New Delhi
_b
CBSE
_c
2011
999
_c
3925
_d
3925